La antorcha brillante / (Registro nro. 4159)
[ vista simple ]
| 000 -LEADER | |
|---|---|
| fixed length control field | 01045nam a2200253Ia 4500 |
| 003 - CONTROL NUMBER IDENTIFIER | |
| control field | OSt |
| 005 - DATE AND TIME OF LATEST TRANSACTION | |
| control field | 20200930123124.0 |
| 008 - FIXED-LENGTH DATA ELEMENTS--GENERAL INFORMATION | |
| fixed length control field | 191128s2009 ck a gr 000 0 spa d |
| 020 ## - INTERNATIONAL STANDARD BOOK NUMBER | |
| International Standard Book Number | 9789588471303 |
| 040 ## - CATALOGING SOURCE | |
| Original cataloging agency | CO-JMCR |
| Transcribing agency | CO-JMCR |
| 041 0# - LANGUAGE CODE | |
| Language code of text/sound track or separate title | spa |
| 082 04 - DEWEY DECIMAL CLASSIFICATION NUMBER | |
| Classification number | 923.2861 / |
| Item number | E742a |
| Edition number | 23 |
| 100 1# - MAIN ENTRY--PERSONAL NAME | |
| Personal name | Escallón, Eduardo, |
| Relator term | autor |
| 9 (RLIN) | 11009 |
| 245 13 - TITLE STATEMENT | |
| Title | La antorcha brillante / |
| Statement of responsibility, etc. | Eduardo Escallón |
| 250 ## - EDITION STATEMENT | |
| Edition statement | Primera edición |
| 260 ## - PUBLICATION, DISTRIBUTION, ETC. | |
| Place of publication, distribution, etc. | Bogotá : |
| Name of publisher, distributor, etc. | Alcaldía Mayor de Bogotá, |
| Date of publication, distribution, etc. | 2009 |
| 300 ## - PHYSICAL DESCRIPTION | |
| Extent | 95 páginas : |
| Other physical details | ilustraciones a blanco y negro ; |
| Dimensions | 17 cm. |
| 490 0# - SERIES STATEMENT | |
| Series statement | Libro al viento |
| 505 0# - FORMATTED CONTENTS NOTE | |
| Formatted contents note | Una vida para la libertad -- La imprenta y la ilustración -- La noche de los pasquines -- Franquicias para el comercio -- La imprenta patriótica -- La antorcha brillante -- Un amigo se retracta -- El santuario de los masones -- El político y el científico |
| 600 1# - SUBJECT ADDED ENTRY--PERSONAL NAME | |
| Personal name | Nariño, Antonio, |
| Dates associated with a name | 1765-1823 |
| Form subdivision | biografías |
| 9 (RLIN) | 11010 |
| 650 ## - SUBJECT ADDED ENTRY--TOPICAL TERM | |
| Topical term or geographic name entry element | Derechos civiles |
| 9 (RLIN) | 11011 |
| 651 #4 - SUBJECT ADDED ENTRY--GEOGRAPHIC NAME | |
| Geographic name | Colombia |
| General subdivision | historia |
| Chronological subdivision | 1810-1823 |
| 9 (RLIN) | 11012 |
| 942 ## - ADDED ENTRY ELEMENTS (KOHA) | |
| Source of classification or shelving scheme | Dewey Decimal Classification |
| Koha item type | Books |
| Withdrawn status | Lost status | Source of classification or shelving scheme | Damaged status | Not for loan | Collection code | Home library | Current library | Date acquired | Source of acquisition | Total Checkouts | Full call number | Barcode | Date last seen | Date last checked out | Copy number | Koha item type | Price effective from |
|---|---|---|---|---|---|---|---|---|---|---|---|---|---|---|---|---|---|
| Dewey Decimal Classification | Non-fiction | Biblioteca Pública José María del Castillo y Rada | Biblioteca Pública José María del Castillo y Rada | 06/18/2018 | Donación | 1 | 923.2861 / E742a | 201808981 | 02/26/2024 | 02/26/2024 | Ej.1 | Books | |||||
| Dewey Decimal Classification | Non-fiction | Biblioteca Pública José María del Castillo y Rada | Biblioteca Pública José María del Castillo y Rada | 06/18/2018 | Donación | 1 | 923.2861 / E742a | 201811062 | 02/26/2024 | 02/26/2024 | Ej.2 | Books | 10/21/2021 |